"Von allem etwas ..." (Titelsatznr. 374259)
[ MARC ]
| 000 -Satzkennung | |
|---|---|
| Kontrollfeld mit fester Länge | 01495cam a2200457 c 4500 |
| 001 - Kontrollnummer | |
| Kontrollnummer | 1001693493 |
| 003 - Kontrollnummer Identifier | |
| Kontrollnummer | DE-627 |
| 005 - Datum und Zeit der letzten Transaktion | |
| Kontrollnummer | 20260206123608.0 |
| 007 - Feld mit fester Länge zur physischen Beschreibung - Allgemeine Information | |
| Kontrollfeld mit fester Länge | tu |
| 008 - Feld mit fester Länge zur physischen Beschreibung - Allgemeine Angaben | |
| Kontrollfeld mit fester Länge | 160608s2015 gw ||||| 00| ||ger c |
| 020 ## - Internationale Standardbuchnummer | |
| Internationale Standardbuchnummer | 9783000503900 |
| 020 ## - Internationale Standardbuchnummer | |
| Internationale Standardbuchnummer | 3000503900 |
| 035 ## - Systemkontrollnummer | |
| Systemkontrollnummer | (DE-627)1001693493 |
| 035 ## - Systemkontrollnummer | |
| Systemkontrollnummer | (DE-576)470472901 |
| 035 ## - Systemkontrollnummer | |
| Systemkontrollnummer | (DE-599)GBV1001693493 |
| 035 ## - Systemkontrollnummer | |
| Systemkontrollnummer | (OCoLC)934512350 |
| 040 ## - Katalogisierungsquelle | |
| Original-Katalogisierungsstelle | DE-627 |
| Katalogisierungssprache | ger |
| Übertragungsstelle | DE-627 |
| Beschreibungsfestlegungen | rakwb |
| 041 ## - Sprachcode | |
| Sprachcode des Textes/der Tonspur oder des separaten Titels | ger |
| 044 ## - Ländercode der veröffentlichenden/herstellenden Stelle | |
| ISO-Ländercode | XA-DE-NW |
| -- | XA-DE |
| 084 ## - Andere Notation | |
| Notation | 15.04 |
| Quelle der Nummer | bkl |
| 084 ## - Andere Notation | |
| Notation | 15.96 |
| Quelle der Nummer | bkl |
| 084 ## - Andere Notation | |
| Notation | 15.43 |
| Quelle der Nummer | bkl |
| 084 ## - Andere Notation | |
| Notation | 02.01 |
| Quelle der Nummer | bkl |
| 245 00 - Titel | |
| Titel | "Von allem etwas ..." |
| Zusatz zum Titel | meine jüdische Kindheit in Dülmen und Rotterdam, 1928 - 1945; Erinnerungen von Helga Becker-Leeser |
| Verfasserangabe etc. | [Hrsg. von der Geschichts-AG der Hermann-Leeser-Schule Dülmen ...; Erzähltext: Helga Becker-Leeser; Sachtexte: Andrea Peine ...; Ill. & Fotogr.: Udo Schotten] |
| 250 ## - Ausgabebezeichnung | |
| Ausgabebezeichnung | 1. Aufl. |
| 260 ## - Publikation, Vertrieb usw. (Erscheinungsvermerk) | |
| Date of publication, distribution, etc | 2015 |
| 300 ## - Physische Beschreibung | |
| Umfang | 95 S. |
| Andere physische Details | Ill. |
| 655 #7 - Indexierungsterm - Genre/Form | |
| Genre/Form oder fokussierter Term | Kindersachbuch |
| Quelle des Terms | gnd-content |
| 655 #7 - Indexierungsterm - Genre/Form | |
| Genre/Form oder fokussierter Term | Biografie |
| Quelle des Terms | gnd-content |
| 951 ## - EQUIVALENCE OR CROSS-REFERENCE-GEOGRAPHIC NAME/AREA NAME [OBSOLETE] [CAN/MARC only] | |
| Geografischer Name | BO |
| 700 1# - Nebeneintragung - Personenname | |
| Feldverknüpfung und Reihenfolge | 1\p |
| Personenname | Becker-Leeser, Helga |
| Datumsangaben in Verbindung mit einem Namen | 1928-2018 |
| Funktionsbezeichnungscode | oth |
| 700 1# - Nebeneintragung - Personenname | |
| Feldverknüpfung und Reihenfolge | 2\p |
| Personenname | Peine, Andrea |
| Datumsangaben in Verbindung mit einem Namen | 1967- |
| Funktionsbezeichnungscode | oth |
| 700 1# - Nebeneintragung - Personenname | |
| Personenname | Schotten, Udo |
| Funktionsbezeichnung | Ill. |
| Funktionsbezeichnungscode | ill |
| 710 2# - Nebeneintragung - Körperschaftsname | |
| Körperschafts- oder Gebietskörperschaftsname als Eintragungselement | Stadtarchiv Dülmen |
| Funktionsbezeichnungscode | oth |
| 856 42 - Elektronische Adresse und Zugriff | |
| URL | <a href="http://deposit.dnb.de/cgi-bin/dokserv?id=5340689&prov=M&dok_var=1&dok_ext=htm">http://deposit.dnb.de/cgi-bin/dokserv?id=5340689&prov=M&dok_var=1&dok_ext=htm</a> |
| Kontaktstelle für Hilfe beim Zugriff | X:MVB |
| Elektronisches Format | text/html |
| Spezifische Materialangaben | Inhaltstext |
| 936 bk - OCLC/CONSER MISCELLANEOUS DATA (OCLC); PIECE USED FOR CATALOGING (pre-AACR2) (RLIN) | |
| OCLC control number(s) of parallel record(s) (OCLC); Piece used for cataloging, PUC (RLIN) | 15.04 |
| 936 bk - OCLC/CONSER MISCELLANEOUS DATA (OCLC); PIECE USED FOR CATALOGING (pre-AACR2) (RLIN) | |
| OCLC control number(s) of parallel record(s) (OCLC); Piece used for cataloging, PUC (RLIN) | 15.96 |
| 936 bk - OCLC/CONSER MISCELLANEOUS DATA (OCLC); PIECE USED FOR CATALOGING (pre-AACR2) (RLIN) | |
| OCLC control number(s) of parallel record(s) (OCLC); Piece used for cataloging, PUC (RLIN) | 15.43 |
| 936 bk - OCLC/CONSER MISCELLANEOUS DATA (OCLC); PIECE USED FOR CATALOGING (pre-AACR2) (RLIN) | |
| OCLC control number(s) of parallel record(s) (OCLC); Piece used for cataloging, PUC (RLIN) | 02.01 |
| 942 ## - Zusätzliche Felder (Koha) | |
| Klassifikation oder Aufstellungssystematik | Andere/Generische Klassifikation |
| Koha-Medientyp | Bücher |
| Ausgeschieden | Verloren | Klassifikation oder Aufstellungssystematik | Beschädigt | Nicht entleihbar | Permanenter Standort | Aktueller Standort | Aufstellungsort | Erwerbungsdatum | Anzahl Ausleihen | Signatur | Letzte Aktivität | Exemplarnummer | Preis gültig von | Medientyp |
|---|---|---|---|---|---|---|---|---|---|---|---|---|---|---|
| Andere/Generische Klassifikation | Stadtarchiv Frankfurt (Oder) | Archivbibliothek | Stadtarchiv Frankfurt (Oder) | Archivbibliothek | Magazin | 06/02/2026 | II: 5167 | 06/02/2026 | 30/2026 | 06/02/2026 | Bücher |